| 000 | 00484nam a22001697a 4500 | ||
|---|---|---|---|
| 005 | 20180326123214.0 | ||
| 008 | 160611b xxu||||| |||| 00| 0 eng d | ||
| 020 | _a978-0-07-022179-6 | ||
| 041 | _aeng | ||
| 082 |
_b6949 _a338.88 |
||
| 100 |
_aHill, Charls W.L., Jain, Arun K _94236 |
||
| 245 | _aInternational Business Competing the Global Marketplace | ||
| 260 |
_aNEW DELHI _bTATA MCGRAW HILL PUBLISHING COMPANY LTD. |
||
| 300 | _a903 | ||
| 650 |
_aManagement _9241 |
||
| 942 | _cBK | ||
| 999 |
_c2418 _d2417 |
||